[Event "Preinscritos IRT Online"]
[Site "Chess.com INT"]
[Date "2020.12.26"]
[Round "4"]
[White "Recalde Solorzano, Anthony Josue"]
[Black "Pereira Pinos, Mathias Bernardo"]
[Result "1-0"]
[WhiteElo "1741"]
[BlackElo "1366"]
[PlyCount "81"]
[EventDate "2020.12.26"]
[EventType "swiss"]
[EventRounds "11"]
[EventCountry "ECU"]
[SourceTitle "CBM 200 Extra"]
[Source "ChessBase"]
[SourceDate "2021.03.31"]
[SourceVersion "1"]
[SourceVersionDate "2021.03.31"]
[SourceQuality "1"]

1. e4 Nf6 2. e5 Nd5 3. Nf3 Nc6 4. c4 Nb6 5. Nc3 d6 6. exd6 exd6 7. Be2 Bf5 8. 0-0 Qd7 9. d4 0-0-0 10. a4 a5 11. Be3 h5 12. d5 Ne7 13. Bxb6 cxb6 14. Qd4 Qc7 15. Nb5 Qc5 16. Qf4 f6 17. Nfd4 Bg4 18. Bxg4+ hxg4 19. Qxg4+ Kb8 20. Ne6 Rc8 21. Nxc5 Rxc5 22. Nxd6 f5 23. Nxf5 Nxf5 24. Qxf5 Rxc4 25. Qe5+ Ka7 26. Rfc1 Rch4 27. Rc8 Bd6 28. Rxh8 Bxe5 29. Rxh4 Bxb2 30. Rb1 Bf6 31. Rg4 Ka6 32. d6 b5 33. Rxb5 b6 34. d7 Kb7 35. Rxg7 Bxg7 36. d8Q Bf6 37. Qxb6+ Kc8 38. Rc5+ Kd7 39. Rc7+ Ke8 40. Qe6+ Kd8 41. Qc8# 1-0

[Event "ECU Clasif2 U13"]
[Site "Chess.com INT"]
[Date "2020.12.18"]
[Round "5"]
[White "Pereira Pinos, Mathias Bernardo"]
[Black "Juma Moreno, Jayro Javier"]
[Result "0-1"]
[WhiteElo "1054"]
[BlackElo "1104"]
[PlyCount "114"]
[EventDate "2020.12.18"]
[EventType "swiss"]
[EventRounds "9"]
[EventCountry "ECU"]
[SourceTitle "EXT 2022"]
[Source "ChessBase"]
[SourceDate "2021.10.06"]
[SourceVersion "1"]
[SourceVersionDate "2021.10.06"]
[SourceQuality "1"]

1. e4 c5 2. Nf3 g6 3. d3 Bg7 4. g3 Nc6 5. Bg2 Rb8 6. a4 a6 7. Nbd2 e6 8. Rb1 Nge7 9. 0-0 0-0 10. c3 d6 11. Re1 b5 12. axb5 axb5 13. Nf1 b4 14. Bd2 Ba6 15. Qc2 b3 16. Qd1 Bxd3 17. Ra1 Bc2 18. Qe2 Na5 19. Bf4 Nec6 20. e5 dxe5 21. Nxe5 Nxe5 22. Bxe5 Bxe5 23. Qxe5 Nc4 24. Qxc5 Nxb2 25. Ne3 Nd3 26. Qa3 Nxe1 27. Rxe1 Qd2 28. Nxc2 Qxc2 29. Rc1 Qa2 30. Qc5 b2 31. Rf1 b1Q 32. Qe3 Qaa1 33. c4 Qxf1+ 34. Bxf1 Rb1 35. Qe2 Rxf1+ 36. Qxf1 Qxf1+ 37. Kxf1 Rc8 38. Ke2 Rxc4 39. f4 Rc2+ 40. Kf1 Rxh2 41. Kg1 Rc2 42. Kf1 Kg7 43. g4 Kf6 44. Ke1 e5 45. g5+ Kf5 46. fxe5 Kxg5 47. Kd1 Rg2 48. Ke1 Kg4 49. Kf1 Kg3 50. e6 fxe6 51. Ke1 h5 52. Kf1 h4 53. Ke1 h3 54. Kf1 h2 55. Ke1 Kf3 56. Kd1 e5 57. Kc1 h1Q# 0-1

[Event "ECU Clasif1 U13"]
[Site "Chess.com INT"]
[Date "2020.12.17"]
[Round "2"]
[White "Villacreces Nicolalde, Gabriel Alberto"]
[Black "Pereira Pinos, Mathias Bernardo"]
[Result "0-1"]
[WhiteElo "1219"]
[BlackElo "1054"]
[PlyCount "52"]
[EventDate "2020.12.17"]
[EventType "swiss"]
[EventRounds "9"]
[EventCountry "ECU"]
[SourceTitle "EXT 2022"]
[Source "ChessBase"]
[SourceDate "2021.10.06"]
[SourceVersion "1"]
[SourceVersionDate "2021.10.06"]
[SourceQuality "1"]

1. e4 Nf6 2. e5 Nd5 3. d4 d6 4. Nf3 Nc6 5. c3 Bg4 6. Be2 Qd7 7. exd6 exd6 8. 0-0 0-0-0 9. h3 Bh5 10. Be3 Nxe3 11. fxe3 f6 12. Nbd2 Re8 13. Qc2 Qe7 14. Rae1 Qxe3+ 15. Kh2 Qf4+ 16. Kg1 Qg3 17. Bd3 Rxe1 18. Rxe1 Be7 19. Bf5+ Kb8 20. Bg4 Bxg4 21. hxg4 Qxg4 22. Rxe7 Nxe7 23. Qb3 Nc6 24. Nc4 Re8 25. Nfd2 Re1+ 26. Kh2 Qh4# 0-1